Quiz da Venezuela - Statistics

Estatísticas Gerais
  • Esse quiz foi jogado 2 291 vezes
  • A pontuação média é 12 de 20
Estatísticas das Respostas
Dica Resposta % Correto
Países fazendo fronteira com a Venezuela Brasil
96%
Capital Caracas
95%
Países fazendo fronteira com a Venezuela Colômbia
95%
Língua oficial Espanhol
95%
Países fazendo fronteira com a Venezuela Guiana
93%
Presidente da Venezuela, 2013- Nicolás Maduro
80%
A Venezuela tem o maior número de reservas comprovadas disso do que qualquer outro país Óleo
78%
Mar no norte da Venezuela Caribe
69%
Em 2018, esse valor econômico chegou a 1.000.000% Inflação
69%
Mulheres venezuelanas ganharam 23 grandes prêmios internacionais disso Concurso de {Beleza}
66%
Líder da independência que deu o nome da moeda oficial da Venezuela Simón Bolívar
63%
Supostamente, Américo Vespúcio deu o nome da Venezuela a esta cidade europeia Veneza
59%
Presidente da Venezuela, 1999-2012 Hugo Chávez
52%
Esporte mais popular Basebol
51%
Filme animado da Pixar mostrando aquelas montanhas Up
42%
Rio mais longo Orinoco
21%
Catarata mais alta do mundo Cataratas {Ángel}
20%
Às vezes chamado de o maior lago da América do Sul, mas é mais frequentemente considerado uma baía oceânica Lago de {Maracaibo}
19%
Ilha no mar acima que compartilha seu nome com um coquetel popular Ilha de {Margarita}
15%
Nome das montanhas do sudeste da Venezuela Tepui
5%
Nenhum quiz correspondente encontrado
Distribuição das Pontuações
Porcentagem de Pessoas com Cada Pontuação
Percentil de Números Respondidos
Sua Pontuação Histórica
Você não jogou esse quiz